000 01381nam a22004097a 4500
003 CHAP
005 20220817042646.0
008 971013s1995 us a r 00010 eng d
010 _a51346
011 _a52318
035 _a56468
040 _cCHAP
082 0 4 _a636.213
_bP4 1995
100 0 0 _aPerry, Tilden Wayne.
_987311
245 1 _aBeef cattle feeding and nutrition
250 _a2 ed.
260 _aSan Diego, Ca. :
_bAcademic Press,
_c1995
300 _a389 p.
_b: ilus.
590 _aBATCH-UPD
_b10
_c20130109
_lUCH01
_h2348
590 _aBATCH-UPD
_b10
_c20130110
_lUCH01
_h0441
590 _aBATCH-UPD
_b10
_c20130110
_lUCH01
_h2236
590 _aBATCH-UPD
_b10
_c20130409
_lUCH01
_h1918
590 _aBATCH-UPD
_b10
_c20130410
_lUCH01
_h0117
590 _aBATCH-UPD
_b10
_c20130410
_lUCH01
_h1531
590 _aBATCH-UPD
_b10
_c20130914
_lUCH01
_h0906
590 _aCONVERSION
_b10
_c20130109
_lUCH01
_h1328
650 1 4 _aAlimentos y alimentacion del ganado.
_94326
650 1 4 _aForrajes.
650 1 4 _aGanado de carne
_xAlimentación.
_945068
650 1 4 _aGanado de carne
_xNutrición.
_945099
650 1 4 _aNutrición animal.
650 1 4 _aProcesamiento automático de datos en ganadería.
700 0 _aCecava, Michael J.
_920810
901 _aBK
942 _cLIBRO
949 _a636.213 P4 1995
_bBC
_cLIBRO
_d33724000088894
_eLIBRO
_gI. 180362
_h89697
_i56468
_si
_t550.00
999 _c51346
_d51346